| 000 | 01293nam a2200313Ia 4500 | ||
|---|---|---|---|
| 001 | ebr10233080 | ||
| 003 | CaPaEBR | ||
| 006 | m u | ||
| 007 | cr cn||||||||| | ||
| 008 | 070928s2007 enka s 000 0 eng d | ||
| 010 | _z 2007040629 | ||
| 020 | _z9780470518229 (alk. paper) | ||
| 020 | _z0470518227 (alk. paper) | ||
| 040 |
_aCaPaEBR _cCaPaEBR |
||
| 035 | _a(OCoLC)243842923 | ||
| 050 | 1 | 4 |
_aRC683.5.U5 _bP32 2007eb |
| 082 | 0 | 4 |
_a616.1/2075430076 _222 |
| 100 | 1 | _aPai, Ramdas G. | |
| 245 | 1 | 0 |
_aEchocardiography board review _h[electronic resource] : _b400 multiple choice questions with discussion / _cRamdas G. Pai and Padmini Varadarajan. |
| 260 |
_aChichester, West Sussex, England ; _aHoboken, NJ : _bJohn Wiley & Sons, _cc2007. |
||
| 300 |
_avi, 188 p. : _bill. |
||
| 533 |
_aElectronic reproduction. _bPalo Alto, Calif. : _cebrary, _d2009. _nAvailable via World Wide Web. _nAccess may be limited to ebrary affiliated libraries. |
||
| 650 | 0 |
_aEchocardiography _vExaminations, questions, etc. |
|
| 650 | 0 | _aInternal medicine. | |
| 655 | 7 |
_aElectronic books. _2local |
|
| 700 | 1 | _aVaradarajan, Padmini. | |
| 710 | 2 | _aebrary, Inc. | |
| 856 | 4 | 0 |
_uhttp://site.ebrary.com/lib/rucke/Doc?id=10233080 _zAn electronic book accessible through the World Wide Web; click to view |
| 999 |
_c38039 _d38039 |
||